000 00452nam a2200181Ia 4500
008 221030s9999 xx 000 0 und d
020 _a9971512289
041 _aEnglish
082 _a105.23
_bHAL
100 _aD. Halliday
245 0 _aFundamentals of Physics Extended
_cby D. Halliday, R. Resnick
250 _a4TH
260 _bJohn Wiley & Sons
_aNew York
_c1997
300 _a1142
650 _aPhysics
700 _aR. Resnick
942 _cBK
999 _c8579
_d8579